Statystyki dla Państwa Australii I Oceanii

Kliknij tutaj aby rozwiązać quiz!

Ogólne statystyki

  • Ten quiz został rozwiązany 30 razy
  • Średni wynik to 14 z 25

Statystyki odpowiedzi

Odpowiedź% Poprawnych
Australia
100%
Nowa Zelandia
100%
Wyspy Marshalla
92%
Wyspy Salomona
88%
Mikronezja
84%
Tuvalu
84%
Vanuatu
84%
Kiribati
80%
Palau
80%
Papua - Nowa Gwinea
80%
Samoa
80%
Tonga
80%
Nauru
76%
Fidżi
68%
Nowa Kaledonia
44%
Polinezja Francuska
36%
Niue
32%
Guam
28%
Wyspy Cooka
28%
Samoa Amerykańskie
24%
Mariany Północne
20%
Norfolk
16%
Tokelau
16%
Pitcairn
12%
Wallis I Futuna
12%

Rozkład punktacji

Percentyl według liczby udzielonych odpowiedzi

Procent ludzi z każdym wynikiem

Twoja historia wyników

Nie rozwiązałeś tego quizu